Statistics for Guess The Countries by the Phrase

Click here to take the quiz!

General Stats

  • This quiz has been taken 6 times
  • The average score is 14 of 15

Answer Stats

HintAnswer% Correct
It's capital city is "Minsk"Belarus
100%
Biggest Country in South AmericaBrazil
100%
Commonly called "DRC"Democratic Republic of the Congo
100%
It's the only country that borders the Dominican RepublicHaiti
100%
Once was a part of an union with AustriaHungary
100%
Most populated Country in the WorldIndia
100%
Shaped like a bootItaly
100%
Has a similar name to NigerNigeria
100%
Lost a War against Brazil, Argentina and UruguayParaguay
100%
It has a geographical position and the name of it's continent on it's nameSouth Africa
100%
Once was the biggest Empire in historyUnited Kingdom
100%
Country with the highest GDPUnited States
100%
First Country to host a World CupUruguay
100%
Sold the Louisiana Territory to the United StatesFrance
80%
It had the same name as a BirdTürkiye
60%

Score Distribution

Percentile by Number Answered

Percent of People with Each Score

Your Score History

You have not taken this quiz